000 003020000a22000970004500
100 1 _aSchaper, Joachim
245 1 0 _aThe Jerusalem temple as an instrument of the achaemenid fiscal administration
300 _aVol. 45, Num. 4 (Octubre, 1995), Páginas 528-539
773 0 _tVetus Testamentum
942 _cANA
999 _c58011
_d58011